Southville International School and Colleges
Your cart is empty.
  • Cart
  • Lists
    Public lists Eva Luna New books Lux_list list_1
    Your lists Log in to create your own lists
  • Log in to your account
  • Your cookies
  • Search history
Southville International School and Colleges
  • Advanced search
  • Recent comments
  • Most popular
  • Libraries

Log in to your account

Log in with GOOGLE


If you do not have an external account, but do have a local account, you can still log in:

  1. Home
  2. MARC view: OTTO goes to camp.
Normal view MARC view ISBD view

OTTO goes to camp. (Record no. 113353)

[ view plain ]
MARC details
000 -LEADER
fixed length control field 00420nam a2200169 a 4500
005 - DATE AND TIME OF LATEST TRANSACTION
control field 20140414132015.0
008 - FIXED-LENGTH DATA ELEMENTS--GENERAL INFORMATION
fixed length control field 130314s19uu xx 00 eng d
020 ## - INTERNATIONAL STANDARD BOOK NUMBER
International Standard Book Number 0316739006
050 ## - LIBRARY OF CONGRESS CALL NUMBER
Classification number TR
Item number Ot8 2004
100 ## - MAIN ENTRY--PERSONAL NAME
Personal name Parr, Tod
245 ## - TITLE STATEMENT
Title OTTO goes to camp.
260 ## - PUBLICATION, DISTRIBUTION, ETC. (IMPRINT)
Place of publication, distribution, etc Singapore :
Name of publisher, distributor, etc Little Brown Company,
Date of publication, distribution, etc 2004.
300 ## - PHYSICAL DESCRIPTION
Extent 22
650 ## - SUBJECT ADDED ENTRY--TOPICAL TERM
Topical term or geographic name as entry element Camping-
General subdivision fiction
650 ## - SUBJECT ADDED ENTRY--TOPICAL TERM
Topical term or geographic name as entry element Dogs-
General subdivision fiction
Holdings
Withdrawn status Lost status Damaged status Home library Current library Shelving location Date acquired Source of acquisition Total Checkouts Full call number Barcode Date last seen Price effective from Koha item type
      Munich Library Munich Library Teachers Reference Section 03/14/2013     TR Ot8 2004 M4908 04/14/2014 04/14/2014 Books

OTTO goes to camp.

APA

Parr T., . (2004). OTTO goes to camp. Singapore: Little Brown Company.

Chicago

Parr Tod, . 2004. OTTO goes to camp. Singapore: Little Brown Company.

Harvard

Parr T., . (2004). OTTO goes to camp. Singapore: Little Brown Company.

MLA

Parr Tod, . OTTO goes to camp. Singapore: Little Brown Company. 2004.

  • Place hold
  • Print
  • Cite
  • Add to your cart (remove)
  • Save record
    BIBTEX Dublin Core MARCXML MARC (non-Unicode/MARC-8) MARC (Unicode/UTF-8) MARC (Unicode/UTF-8, Standard) MODS (XML) RIS
  • More searches
    Search for this title in:
    Other Libraries (WorldCat) Other Databases (Google Scholar) Online Stores (Bookfinder.com) Open Library (openlibrary.org)

Exporting to Dublin Core...

SOUTHVILLE LIBRARY

Southville International School and Colleges Library

1281 Tropical Ave. Cor. Luxembourg St., BF Homes International, Las Pinas City

Tel. No. 8256374 / 252358 Loc. 117/146

Powered by Koha